Girasol; manual de divulgacion rural/,

Guardado en:
Autor Principal: Inta. Argentina
Formato: Libro
Publicado: Buenos Aires : , 1983
Materias:
Etiquetas: Agregar Etiqueta
Sin Etiquetas, Sea el primero en etiquetar este registro!
LEADER 00553nam a22001935a 4500
001 CEM.cems015691
005 20130506170145.0
008 130507s1983##################000#0#####d
003 CEMS
082 0 4 |a 633.8 
100 1 |a Inta. Argentina 
245 1 0 |a Girasol; manual de divulgacion rural/, 
260 |a Buenos Aires :  |b ,  |c 1983 
300 |a 32 
653 |a Cultivos 
653 |a Girasol 
653 |a Oleaginosas 
859 |a CEMS  |b BIB. CEMS - Agricultura  |h 633.8  |i Ar37-1  |p A12264.83  |t Ej.1 
859 |a CEMS  |b BIB. CEMS - Agricultura  |h 633.8  |i Ar37-1  |p A12550.83  |t Ej.2